00452nam a2200145 a 4500008004100000110006700041245007400108260003900182300001900221650001400240650002500254003000100279005001700280040000900297 01a National University of Science and Technology Research Board10a2nd Annual Research Day National University od Science and Technology aBulawayo(Zimbabwe) :bNUST,c2014. a40p. ;c30 cm. 1aResearch. aScientific research.20230123122107.0 cNUST